000047140 001 __ 47140
000047140 005 __ 20250414085517.0
000047140 024 8_ $9 primocentral $a oai:ddd.uab.cat:47140
000047140 035 __ $a catuab-b4202249
000047140 041 __ $a cat
000047140 240 00 $a Veus de l'exili (Programa radiofònic)
000047140 245 10 $a Josep Irla
000047140 260 __ $c 2006
000047140 500 __ $a La Generalitat a l'exili. El president Irla, el president oblidat
000047140 500 __ $a Redacció: Albert Manyà, Teresa Salas i la col·laboració de Carme Badia. Idea i assessorament històric: Josep Maria Figueres Producció: Marta Jerez. Amb les veus de Nati Adell, David Badia, Àlex Bosch, Oriol Munné, Marc Vidal i Joan Anton Ramoneda. Muntatge musical: Salvador Pou
000047140 500 __ $a Emès el dia 14 d'agost de 2006
000047140 500 __ $a Duració: 005354
000047140 540 __ $9 open access $a Aquest material està protegit per drets d'autor i/o drets afins. Podeu utilitzar aquest material en funció del que permet la legislació de drets d'autor i drets afins d'aplicació al vostre cas. Per a d'altres usos heu d'obtenir permís del(s) titular(s) de drets. $u https://rightsstatements.org/vocab/InC/1.0/
000047140 546 __ $a Català
000047140 600 14 $a Irla i Bosch, Josep $x Biografia
000047140 610 14 $a Catalunya $b Generalitat $x Història $y 1939-1977
000047140 651 _4 $a Catalunya $x Història $x Exiliats $y 1936-1939, Guerra Civil
000047140 651 _4 $a Catalunya $x Història $y 1939-1975
000047140 651 _4 $a Catalunya $x Història $x Exiliats $y 1939-1975
000047140 655 _7 $2 europeanaedm $a SOUND
000047140 655 _7 $1 http://purl.org/coar/resource_type/c_18cc $2 openaire4 $a So $c other research product
000047140 700 1_ $a Colomines i Companys, Agustí
000047140 700 1_ $a Maymí, Josep
000047140 710 2_ $a Catalunya Ràdio
000047140 830 _0 $a Veus de l'exili ; $v 21
000047140 856 40 $p 53:44 $s 51591209 $u https://ddd.uab.cat/pub/audios/2006/47140/veus21.mp3
000047140 980 __ $a AUDIOS